Avatar 2 - Statystyki

Ogólne statystyki
  • Ten quiz został rozwiązany 114 razy
  • Średni wynik to 11 z 16
Statystyki odpowiedzi
Podpowiedź Odpowiedź % Poprawnych
Rok Powstania 2022
99%
Reżyser James Cameron
90%
Młodszy syn Jake'a i Neytiri Lo'ak
85%
Najstarszy syn Jake'a i Neytiri Neteyam
83%
Córka Grace, adoptowana przez Jake'a i Neytiri Kiri
81%
Najprawdopodobniej zakochany w powyższej osobie człowiekprzygarnięty przez Na'vi (ksywka) Pająk
78%
Jego żona Ronal
68%
Córka powyższej pary, zakochana w młodszym synie Jake'a i Neytiri Tsireya
68%
Przywódca powyższego plemienia Tonowari
64%
Jedyna biologiczna córka Jake'a i Neytiri (pełne imię) Tuktirey
64%
Zwierzę podobne do wieloryba, wodna rasa czuła z nimi ogromną więź Tulkun
59%
Klan wodny Na'vi , widziany w drugiej części Avataraktóry przygarnął byłego przywódcę Omaticaya
i jego rodzinę
Metkayina
58%
"Zabójca" wśród powyższej rasy zwierząt, zaprzyjaźnił się z nim jeden z synów Jake'a Payakan
57%
Syn powyższej pary Aonung
53%
Morskie zwierzę na których młodzi mieszkańcy wodnego klanu pływali Ilu
53%
Morska istota, na której pływali dowódcy Tsurak
15%
Nie znaleziono quizów pasujących do podanych kryteriów
Rozkład punktacji
Procent ludzi z każdym wynikiem
Percentyl według liczby udzielonych odpowiedzi
Twoja historia wyników
Nie rozwiązałeś tego quizu